| 000 | 00387nam a2200133Ia 4500 | ||
|---|---|---|---|
| 008 | 220217s9999||||xx |||||||||||||| ||und|| | ||
| 020 | _a0-521-00561-2 | ||
| 082 | _a004.65 GOD | ||
| 100 |
_aGoldman, Scott _93634 |
||
| 245 | 0 | _aPracticle WAP: Developing applications for the wireless web. | |
| 260 |
_aCambridge university press _bNew York _c2001 |
||
| 300 | _b995 | ||
| 650 | _aWWW | ||
| 999 |
_c172321 _d172321 |
||